Statistics for Animals beginning with the letter U

Click here to take the quiz!

General Stats

  • This quiz has been taken 58 times
  • The average score is 3 of 5

Answer Stats

ClueAnimal% Correct
Spiny marine creatureUrchin
76%
Central and South American bird named after the crest on their headUmbrellabird
62%
Small species of monkey with a naked face that is red in colourUakari
49%
A fish with a long nose named after a mythical creatureUnicornfish
38%
Bird related to the nightingale and whose guano is used in facecreamUguisu
32%

Score Distribution

Percentile by Number Answered

Percent of People with Each Score

Your Score History

You have not taken this quiz